Electron devices and circuits

Bibliographic Details
Main Author: Bakshi, Uday A
Format: Book
Published: New Delhi : Technical Publications Pune , [s.n]
Subjects:

MARC

LEADER 00000cam a2200000 7i4500
001 0000039157
005 20131211.0
008 131203
020 |a 8184310684 
090 0 0 |a 621.3815   |b BAK 
100 1 |a Bakshi, Uday A 
245 1 0 |a Electron devices and circuits   |c Uday A. Bakshi & Atul P. Godse 
260 |a New Delhi :   |b Technical Publications Pune ,   |c [s.n] 
650 0 |a Electric circuits 
650 0 |a Electronic appratus and applications 
999 |a 0001257389   |b Book   |c Adult Collection   |e Perbadanan Perpustakaan Awam Johor